| 000 | 02141cam a2200457Mi 4500 | ||
|---|---|---|---|
| 001 | ocn412404110 | ||
| 003 | TZ-ArACH | ||
| 005 | 20130903130424.0 | ||
| 008 | 930528s1993 fr a g b u000 0 fre d | ||
| 015 |
_a09324264 _2bnf |
||
| 016 | 7 |
_aFRBNF366640280000001 _2FrPBN |
|
| 017 |
_aDL 93-09775 _bBNF |
||
| 020 | _a2738417388 (br) | ||
| 020 | _a9782738417381 (br) | ||
| 035 | _a(OCoLC)412404110 | ||
| 040 |
_aFRBML _bfre _cTZ-ArACH _dBDF _dOCLCQ _dCHRRO _dUQ1 |
||
| 041 | _aFre | ||
| 049 | _aTZAA | ||
| 050 | 1 | 4 |
_aHD1538 _b.K64 |
| 082 | 1 | 4 | _a338.9 |
| 100 | 1 |
_aKoffi, Ehui Bruno. _913424 |
|
| 245 | 1 | 3 |
_aPouvoir de la brousse : ni démocratie ni développement en Afrique noire sans les paysans organisés / _bni démocratie ni développement en Afrique noire sans les paysans organisés / _cEhui Bruno Koffi. |
| 260 |
_aParis : _bL'Harmattan, _c1993 _e(05-Gap : _fImpr. L. Jean) |
||
| 300 |
_a314 p. : _bill., couv. ill. ; _c24 cm. |
||
| 504 | _aBibliogr. p. 305-309. | ||
| 650 | 4 |
_aOrganisations non gouvernementales _zAfrique noire. _913425 |
|
| 650 | 4 |
_aAgriculture _xAssociations _zAfrique noire. _913426 |
|
| 650 | 4 |
_aDéveloppement rural _zAfrique noire. _913427 |
|
| 650 | 4 |
_aPolitique agricole _xParticipation des citoyens _zAfrique noire. _913428 |
|
| 650 | 4 |
_aPaysannerie _zAfrique noire _xActivité politique. _913429 |
|
| 650 | 7 |
_aOrganisations non gouvernementales _zAfrique noire. _2ram _913430 |
|
| 650 | 7 |
_aAgriculture _xAssociations _zAfrique noire. _2ram _913431 |
|
| 650 | 7 |
_aDéveloppement rural _zAfrique noire. _2ram _913432 |
|
| 650 | 7 |
_aPolitique agricole _xParticipation des citoyens _zAfrique noire. _2ram _913433 |
|
| 650 | 7 |
_aPaysannerie _xActivité politique _zAfrique noire. _2ram _913434 |
|
| 650 | 7 |
_aDéveloppement économique _xPaysan _xStructure économique _zAfrique noire. _2rero _913435 |
|
| 856 | 4 | 2 |
_3Notice et cote du catalogue de la Bibliothèque nationale de France _uhttp://catalogue.bnf.fr/ark:/12148/cb36664028t |
| 886 | 1 |
_a002 _b$afrBN015205388 _2unimarc |
|
| 942 |
_2lcc _cBOOK |
||
| 999 |
_c2609 _d2609 |
||